| 000 | 00679nam a2200241Ia 4500 | ||
|---|---|---|---|
| 003 | OSt | ||
| 005 | 20250801141249.0 | ||
| 008 | 210210b2019 xxu||||| |||| 00| 0 eng d | ||
| 020 | _a9789386809810 | ||
| 040 | _cAL | ||
| 041 | _aKannada | ||
| 082 | _aK894.4 CHIY | ||
| 100 |
_aCHIRANJIVI SINGH _dಚಿರಂಜೀವಿ ಸಿಂಗ್ _9233650 |
||
| 245 |
_aYava janamada maitri _bಯಾವ ಜನ್ಮದ ಮೈತ್ರಿ |
||
| 260 |
_aBengaluru _bNavakaranataka Prakashana _c2019 |
||
| 300 | _a264 | ||
| 650 |
_aYava _9233651 |
||
| 650 |
_amaitri _9233652 |
||
| 650 |
_ajanamada _9233653 |
||
| 690 |
_aKannada Prose _9233654 |
||
| 906 | _a073578 | ||
| 942 |
_2ddc _cBK |
||
| 999 |
_c123372 _d123372 |
||